[Event "Abu Dhabi op 15th"]
[Site "Abu Dhabi"]
[Date "2005.08.14"]
[Round "1"]
[White "Ahmed, Ishaq"]
[Black "Sale, Srdjan"]
[Result "1/2-1/2"]
[WhiteElo "2079"]
[BlackElo "2437"]

1. e4 c5 2. Nf3 e6 3. d4 cxd4 4. Nxd4 Bc5 5. Nb3 Bb6 6. c4 Ne7 7. Nc3 O-O
8. Bd3 f5 9. O-O Nbc6 10. Qe2 f4 11. c5 Bc7 12. f3 b6 13. Kh1 Qe8 14. Bd2
Qh5 15. Nb5 Be5 16. cxb6 axb6 17. Bc3 Bxc3 18. bxc3 Ne5 19. Nc7 Ra4 20. Ba6
Bxa6 21. Nxa6 Nc4 22. Rfd1 Ng6 23. Nb4 Nge5 24. Rd4 Rc8 25. Nd3 Nxd3 26.
Qxd3 Nb2 27. Qd2 Rxd4 28. cxd4 Na4 29. Qxf4 Qb5 30. Rc1 Rxc1+ 31. Qxc1 Nc3
32. h3 Nxa2 33. Qc7 Nb4 34. Qc8+ Kf7 35. Qc7 Ke7 36. d5 Na6 37. Qc3 Kf7 38.
Qe3 e5 39. Nd2 Nc5 40. Qg5 Nd3 41. d6 h6 42. Qe7+ Kg8 43. Qe8+ Kh7 44. Qf7
Qa4 45. Nc4 b5 46. Qf5+ Kg8 47. Qxd7 Qd1+ 48. Kh2 bxc4 49. Qe6+ Kh7 50.
Qf5+ Kg8 51. Qe6+ Kh7 52. Qf5+ Kg8 53. Qe6+ 1/2-1/2

[Event "Illertissen op"]
[Site "Illertissen"]
[Date "2005.08.28"]
[Round "2"]
[White "Heinl, Thomas"]
[Black "Hirneise, Tobias"]
[Result "1-0"]
[WhiteElo "2248"]
[BlackElo "2131"]

1. e4 c5 2. Nf3 e6 3. d4 cxd4 4. Nxd4 Bc5 5. Nb3 Bb6 6. Nc3 Ne7 7. Qh5 O-O
8. Bd3 f5 9. O-O Nbc6 10. exf5 Nxf5 11. Bg5 Qc7 12. Rae1 g6 13. Qh3 d5 14.
Bh6 Nxh6 15. Qxh6 Qg7 16. Qxg7+ Kxg7 17. Na4 Bc7 18. Nac5 e5 19. c4 d4 20.
Be4 Rb8 21. Nd3 Ne7 22. f4 exf4 23. Nxd4 Nf5 24. Bxf5 Bxf5 25. Re7+ Rf7 26.
Nxf5+ gxf5 27. Rxf7+ Kxf7 28. Nxf4 Bxf4 29. Rxf4 Ke6 30. Rd4 Rc8 31. Kf2
Rc6 32. Rh4 Rc7 33. Ke3 Ke5 34. Rd4 Re7 35. Kd3 b6 36. b4 Rc7 37. g3 Ke6
38. Rd5 Rg7 39. Rd8 Ke7 40. Rd4 Rg6 41. Rd5 Ke6 42. Rd8 Rg4 43. Re8+ Kd6
44. Rf8 Ke6 45. a3 h6 46. Rh8 Rg6 47. Rh7 f4 48. gxf4 Kf5 49. Rf7+ Kg4 50.
Ke4 1-0

[Event "Illertissen op"]
[Site "Illertissen"]
[Date "2005.09.01"]
[Round "6"]
[White "Kabisch, Thilo"]
[Black "Hirneise, Tobias"]
[Result "1-0"]
[WhiteElo "2327"]
[BlackElo "2131"]

1. e4 c5 2. Nf3 e6 3. d4 cxd4 4. Nxd4 Bc5 5. Be3 Qb6 6. Nc3 Nc6 7. Na4 Qa5+
8. c3 Bxd4 9. Bxd4 Nxd4 10. Qxd4 e5 11. Qd1 Nf6 12. b4 Qc7 13. f3 O-O 14.
c4 d6 15. Be2 Be6 16. Rc1 a5 17. b5 Nd7 18. O-O Nc5 19. Nc3 b6 20. g3 Qe7
21. Qd2 Rac8 22. Rfd1 Rfd8 23. Qe3 f6 24. f4 Qc7 25. f5 Bf7 26. Rd2 Nb7 27.
Rcd1 Nc5 28. g4 h6 29. h4 Kf8 30. Kf2 Nd7 31. g5 hxg5 32. hxg5 Qc5 33. g6
Bg8 34. Rh1 Qxe3+ 35. Kxe3 Ke7 36. Rh7 Bxh7 37. Nd5+ Kf8 38. gxh7 Kf7 39.
Bh5+ g6 40. fxg6+ Kg7 41. Ne7 Ra8 42. Nf5+ Kh8 43. g7+ Kxh7 44. Bf7 1-0

[Event "Baden Wuerttemberg-chB"]
[Site "Illertissen"]
[Date "2005.09.02"]
[Round "7"]
[White "Maier, Armin"]
[Black "Hirneise, Jens"]
[Result "1/2-1/2"]
[WhiteElo "2121"]
[BlackElo "2001"]

1. e4 c5 2. Nf3 e6 3. d4 cxd4 4. Nxd4 Bc5 5. Nb3 Bb6 6. c4 Ne7 7. Nc3 O-O
8. c5 Bc7 9. Bd3 f5 10. Bg5 h6 11. Bxe7 Qxe7 12. exf5 exf5+ 13. Qe2 Qxe2+
14. Bxe2 Nc6 15. O-O-O Be5 16. Nd5 b6 17. f4 Bf6 18. cxb6 axb6 19. Kb1 Bd8
20. Bc4 Kh8 21. Rhe1 Bb7 22. Nc3 Na5 23. Nxa5 1/2-1/2

[Event "BUL-chT (Women)"]
[Site "Sunny Beach"]
[Date "2005.09.27"]
[Round "2"]
[White "Velcheva, Maria"]
[Black "Andreeva, Plamena"]
[Result "1-0"]
[WhiteElo "2274"]
[BlackElo "2072"]

1. e4 c5 2. Nf3 e6 3. d4 cxd4 4. Nxd4 Bc5 5. Nb3 Bb6 6. Nc3 Ne7 7. Qh5 Nbc6
8. Bg5 O-O 9. O-O-O f6 10. Bh4 a6 11. Kb1 Ng6 12. Bg3 f5 13. Bd6 Rf7 14.
Bc4 Qh4 15. Qe2 Nge5 16. g3 Qg4 17. f4 Nxc4 18. Qxc4 fxe4 19. Nxe4 Bd8 20.
h3 Qg6 21. g4 Ne7 22. Rhe1 Nd5 23. Rxd5 exd5 24. Qxd5 Qe6 25. Nf6+ Bxf6 26.
Rxe6 dxe6 27. Qe4 Be7 28. Bxe7 Rxe7 29. Nc5 a5 30. f5 Kf7 31. b3 exf5 32.
Qd5+ Kf6 33. Qd8 1-0

[Event "Berlin Lichtenrad op"]
[Site "Berlin"]
[Date "2005.10.06"]
[Round "6"]
[White "Hahlbohm, Matthias"]
[Black "Haemmerlein, Thomas"]
[Result "1-0"]
[WhiteElo "2119"]
[BlackElo "2209"]

1. e4 c5 2. Nf3 e6 3. d4 cxd4 4. Nxd4 Bc5 5. Nb3 Bb6 6. Bd3 Ne7 7. O-O O-O
8. Kh1 f5 9. exf5 Nxf5 10. N1d2 Nc6 11. Nf3 a5 12. c3 d5 13. Bf4 a4 14.
Nbd2 Bc7 15. Bxc7 Qxc7 16. Bc2 a3 17. b4 Nce7 18. Rc1 b5 19. Qe2 Ng6 20.
Rfe1 Rb8 21. Nb3 Nf4 22. Qd2 Nd6 23. Nc5 Qe7 24. Bd3 Qf6 25. Bf1 Nh3 26.
Re3 Nf4 27. Ne5 Ne4 28. Nxe4 dxe4 29. Ng4 Qf5 30. Rg3 Ng6 31. Kg1 Qd5 32.
Qc2 Rd8 33. Re1 Qd2 34. Qxe4 Qxa2 35. h4 Bb7 36. Qe3 Qd5 37. h5 Qxh5 38.
Qxe6+ Kh8 39. Ne5 Bd5 40. Nf7+ Kg8 41. Nh6+ Kf8 42. Qf5+ Qxf5 43. Nxf5 a2
44. Nd4 Ra8 45. Ra1 Ra3 46. Bxb5 Ne5 47. Re3 Nc4 48. Rd3 Rda8 49. Kf1 Be4
50. Bxc4 Bxd3+ 51. Bxd3 Rxc3 52. Ke2 g6 53. Kd2 Rca3 54. Nc2 Rb3 55. Bc4
Rd8+ 56. Kc1 Rc3 57. Be2 Rdc8 58. Bd1 Ra8 59. Kb2 Rd3 60. Bf3 Rc8 61. Rxa2
Rd2 62. Kb3 Rxf2 63. b5 Rc5 64. Nd4 Rxa2 65. Kxa2 Ke7 66. Ka3 Kd7 67. Kb4
Rc1 68. b6 Rb1+ 69. Nb3 Rb2 70. Kc3 Rb1 71. b7 Kc7 72. Nc5 Rc1+ 73. Kd4 Ra1
74. Ke5 Ra5 75. Kd4 Ra2 76. Ne6+ Kb8 77. Ke5 Ra5+ 78. Kd6 Ra2 79. Nc5 Rb2
80. Nd7+ Ka7 81. b8=Q+ Rxb8 82. Nxb8 Kxb8 83. Ke6 h5 84. Kf6 h4 85. Kxg6
Kc7 86. Kg5 h3 87. gxh3 Kd7 88. Kf6 Kd6 89. h4 Kc5 90. h5 Kd4 91. h6 1-0

[Event "ch-CRO, Kutina CRO"]
[Site "?"]
[Date "2006.??.??"]
[Round "2"]
[White "Zelcic, Robert"]
[Black "Palac, Mladen"]
[Result "1/2-1/2"]
[WhiteElo "2555"]
[BlackElo "2580"]

1. e4 c5 2. Nf3 e6 3. d4 cxd4 4. Nxd4 Bc5 5. Nb3 Bb6 6. Bd3 Ne7 7. Nc3 Nbc6
8. Qe2 d5 9. exd5 exd5 10. O-O O-O 1/2-1/2

[Event "Moscow RUS"]
[Site "Moscow RUS"]
[Date "2006.??.??"]
[Round "5"]
[White "Voicu, Carmen"]
[Black "Gurcan, Selim"]
[Result "1/2-1/2"]
[WhiteElo "2254"]
[BlackElo "2250"]

1. e4 c5 2. Nf3 e6 3. d4 cxd4 4. Nxd4 Bc5 5. Nb3 Bb6 6. Nc3 Ne7 7. Bd3 O-O
8. Qh5 Nbc6 9. Bg5 Ne5 10. f4 Nxd3+ 11. cxd3 f6 12. Bh4 d5 13. Qe2 Bd7 14.
Bf2 Bc6 1/2-1/2

[Event "Open"]
[Site "Albarino ESP"]
[Date "2006.??.??"]
[Round "4"]
[White "Viela, A"]
[Black "Rusev, Krasimir"]
[Result "0-1"]
[WhiteElo "2157"]
[BlackElo "2455"]

1. e4 c5 2. Nf3 e6 3. d4 cxd4 4. Nxd4 Bc5 5. Nb3 Bb6 6. Bd3 Ne7 7. Nc3 O-O
8. Qe2 Nbc6 9. Bf4 a6 10. O-O-O Bc7 11. Be3 f5 12. exf5 exf5 13. Bxf5 Rxf5
14. Nd4 Nxd4 15. Rxd4 b5 16. Ne4 Bb7 17. Rhd1 Bd5 18. f3 Be5 19. g4 Rf8 20.
Rxd5 Nxd5 21. Rxd5 Qe7 22. Bc5 d6 23. Bxd6 Bxd6 24. Rxd6 Qf7 25. Nc5 Qxa2
26. Qe6+ Qxe6 27. Rxe6 Rxf3 28. Nxa6 Rf1+ 29. Kd2 Rf2+ 30. Kd3 Rd8+ 31. Kc3
Rc8+ 32. Kb4 Rfxc2 33. b3 Rxh2 34. Kxb5 Rh4 35. Kb6 Rxg4 36. Kb7 Rf8 37. b4
h5 38. b5 h4 39. b6 h3 40. Re1 g5 41. Kc6 h2 42. Rh1 Rh4 43. b7 g4 44. Rf1
h1=Q+ 0-1

[Event "5th Kesarovski - Georgiev Mem"]
[Site "Sunny Beach BUL"]
[Date "2006.??.??"]
[Round "5"]
[White "Velcheva, Maria"]
[Black "Lopez Pereyra, A"]
[Result "1-0"]
[WhiteElo "2295"]
[BlackElo "2138"]

1. e4 c5 2. Nf3 e6 3. d4 cxd4 4. Nxd4 Bc5 5. Nb3 Bb6 6. Nc3 Ne7 7. Bf4 d5
8. exd5 exd5 9. Bd3 Nbc6 10. O-O O-O 11. Qh5 f5 12. Rfe1 Ng6 13. Bg5 Qd6
14. Rad1 Nce5 15. Nb5 Qb4 16. Be2 Nf4 17. Bxf4 Qxf4 18. N5d4 Nc4 19. Bf3
Nxb2 20. Bxd5+ Kh8 21. Rd2 Bd7 22. g3 Qc7 23. c4 Ba5 24. Nxa5 Qxa5 25. Nf3
f4 26. Re5 Qb6 27. c5 Qf6 28. Rxb2 fxg3 29. hxg3 Bg4 30. Qxg4 1-0

[Event "VIII Open, Salou ESP"]
[Site "?"]
[Date "2006.??.??"]
[Round "5"]
[White "Vehi Bach, Victor M"]
[Black "Asis Gargatagli, H"]
[Result "1-0"]
[WhiteElo "2335"]
[BlackElo "2360"]

1. e4 c5 2. Nf3 e6 3. d4 cxd4 4. Nxd4 Bc5 5. Nb3 Bb6 6. Nc3 Ne7 7. Bf4 d5
8. exd5 Nxd5 9. Nxd5 exd5 10. Bb5+ Nc6 11. O-O O-O 12. c3 Qf6 13. Bg3 Be6
14. Qh5 a6 15. Ba4 g6 16. Qh6 Ba7 17. Bxc6 bxc6 18. Rae1 Qg7 19. Qd2 d4 20.
Be5 f6 21. Bd6 dxc3 22. Qxc3 Rfe8 23. Bc5 Bd5 24. Bxa7 Qxa7 25. Qxf6 Rf8
26. Qh4 Rf7 27. Re3 Raf8 28. Qd4 Qxd4 29. Nxd4 Bc4 30. Rc1 Rxf2 31. Nf3 Re2
32. Rxe2 Bxe2 33. Nd4 Bd3 34. Nxc6 Re8 35. Nb4 Bb5 36. Rc2 Rf8 37. g3 Rf5
38. b3 h5 39. a4 Bd7 40. Nxa6 Rd5 41. Nc5 Rd1+ 42. Kf2 Bf5 43. Rb2 1-0

[Event "TCh-BEL 2005-6"]
[Site "Belgium BEL"]
[Date "2006.??.??"]
[Round "7"]
[White "Vandersmissen, M"]
[Black "Ahn, Martin"]
[Result "1/2-1/2"]
[WhiteElo "2172"]
[BlackElo "2296"]

1. e4 c5 2. Nf3 e6 3. d4 cxd4 4. Nxd4 Bc5 5. Nb3 Bb6 6. Bf4 d5 7. Nc3 Ne7
8. Qh5 Nbc6 9. Rd1 Ng6 10. Bg3 d4 11. Nb5 e5 12. Bd3 Be6 13. Na3 Qe7 14.
O-O a6 15. Nc4 Bc7 16. a3 b5 17. Ncd2 O-O 18. Rc1 Rac8 19. c3 dxc3 20. Rxc3
Bb6 21. Rfc1 Nd4 22. Qd1 Rfd8 23. Rxc8 Bxc8 24. Nxd4 Bxd4 25. Qc2 Bb7 26.
Nf3 Bb6 27. h3 h6 28. Qb3 Qd6 29. Bb1 Bc8 30. Qc3 f6 31. Ba2+ Be6 32. Bxe6+
Qxe6 33. Qc6 Qxc6 1/2-1/2

[Event "Open, Predeal ROM"]
[Site "?"]
[Date "2006.??.??"]
[Round "4"]
[White "Ulibin, Mikhail"]
[Black "Doncea, Vladimir"]
[Result "1-0"]
[WhiteElo "2485"]
[BlackElo "2260"]

1. e4 c5 2. Nf3 e6 3. d4 cxd4 4. Nxd4 Bc5 5. Nb3 Bb6 6. Nc3 Ne7 7. Bf4 d5
8. exd5 exd5 9. Bd3 Nbc6 10. O-O a6 11. Qh5 Nb4 12. Bg5 Nxd3 13. Bxe7 Qxe7
14. Nxd5 g6 15. Qh6 Bxf2+ 16. Rxf2 Qe5 17. Nf6+ Ke7 18. cxd3 Bf5 1-0

[Event "37th Olympiad w"]
[Site "Turin ITA"]
[Date "2006.??.??"]
[Round "9"]
[White "Tilenbaeva, J"]
[Black "Mongontuul, B"]
[Result "1/2-1/2"]
[WhiteElo "2051"]
[BlackElo "2378"]

1. e4 c5 2. Nf3 e6 3. d4 cxd4 4. Nxd4 Bc5 5. Be3 Nf6 6. Nc3 d6 7. Be2 O-O
8. O-O a6 9. a4 Qc7 10. Kh1 b6 11. f4 Bb7 12. Bf3 Nbd7 13. Qe1 Rfe8 14. Rd1
Bb4 15. Bd2 Bxc3 16. Bxc3 Nc5 17. Qg3 Bxe4 18. Nb5 axb5 19. Bxf6 Bg6 20.
Bxa8 Rxa8 21. Bd4 bxa4 22. f5 Ne4 23. Qg4 exf5 24. Rxf5 Qxc2 25. Rxf7 Nf6
26. Bxf6 Kxf7 27. Qd7+ Kxf6 28. Qxd6+ Kg5 29. Qe7+ Kh5 30. g4+ Kxg4 31.
Rg1+ Kf4 32. Rf1+ Kg4 33. h3+ Kh5 34. Qe5+ Kh6 35. Qf4+ Kh5 36. Qg4+
1/2-1/2

[Event "XXIV Open, Metz FRA"]
[Site "?"]
[Date "2006.??.??"]
[Round "5"]
[White "Shchekachev, Andrei"]
[Black "Bauer, Christian"]
[Result "1-0"]
[WhiteElo "2590"]
[BlackElo "2635"]

1. d4 e6 2. Nf3 c5 3. e4 cxd4 4. Nxd4 Bc5 5. Nb3 Bb6 6. Nc3 Ne7 7. Bf4 O-O
8. Bd6 f5 9. e5 Nbc6 10. Bb5 Rf7 11. Qd2 f4 12. O-O-O Nf5 13. Ne4 Qh4 14.
Kb1 f3 15. gxf3 Ncd4 16. Nxd4 Nxd4 17. Qb4 Nxf3 18. Be2 Bd8 19. Rd3 a5 20.
Qc3 Qxe4 21. Bxf3 Qh4 22. a3 Be7 23. Bxe7 Qxe7 24. Be4 Rxf2 25. Rh3 g6 26.
Rg1 Qf7 27. Qd3 Rf5 28. Bxf5 exf5 29. e6 Qe7 30. Qxf5 dxe6 31. Rxg6+ 1-0

[Event "Tch (Men) 2005/2006 GER"]
[Site "Tch (Men) 2005/2006 GER"]
[Date "2006.??.??"]
[Round "8"]
[White "Schneider, Heiko"]
[Black "Ochs, Holger"]
[Result "0-1"]
[WhiteElo "2206"]
[BlackElo "2225"]

1. e4 c5 2. Nf3 e6 3. d4 cxd4 4. Nxd4 Bc5 5. Nb3 Bb6 6. Nc3 Ne7 7. a4 Nbc6
8. Bg5 O-O 9. Qd2 f5 10. Bh4 fxe4 11. Nxe4 d5 12. Nec5 Qd6 13. Bg3 e5 14.
Nd3 Qf6 15. O-O-O Bf5 16. f4 e4 17. Ndc5 Rac8 18. Nxb7 e3 19. Qc3 Nb4 20.
Qxf6 Rxc2+ 21. Kb1 Rxf6 22. Bd3 Nxd3 23. Kxc2 Nc5+ 24. Kc1 Nxb3# 0-1

[Event "XXIV Andorra Open, Andorra la Vella AND"]
[Site "?"]
[Date "2006.??.??"]
[Round "2"]
[White "Satyapragyan, Swayangsu"]
[Black "Damljanovic, Branko"]
[Result "0-1"]
[WhiteElo "2430"]
[BlackElo "2625"]

1. e4 c5 2. Nf3 e6 3. d4 cxd4 4. Nxd4 Bc5 5. Nb3 Bb6 6. Bd3 Ne7 7. O-O O-O
8. N1d2 Nbc6 9. Nf3 d6 10. Nbd2 h6 11. b3 Ng6 12. Bb2 e5 13. Nc4 Bc5 14. a3
b5 15. Ne3 Bxe3 16. fxe3 Qb6 17. Kh1 Be6 18. Qe1 a6 19. h4 Rfd8 20. h5 Nf8
21. Qg3 Nh7 22. Nh4 Rac8 23. Rf2 Rd7 24. Raf1 Qd8 25. Nf3 Nf6 26. Nxe5 Nxh5
27. Qh2 dxe5 28. Qxh5 Qg5 29. Qh2 f6 30. Rf3 Bg4 31. Rg3 Ne7 32. a4 h5 33.
axb5 axb5 34. Ba3 h4 35. Rh3 Ng6 36. Bxb5 Rd2 37. c4 Rb8 38. Bc1 Re2 39.
Ba3 Rd8 40. Bb4 Rd3 41. c5 Bxh3 42. Qxh3 Rdxe3 43. Bc4+ Kh7 44. Qh2 Nf4 0-1

[Event "Czech Christmas"]
[Site "Litomysl CZE"]
[Date "2006.??.??"]
[Round "8"]
[White "Plat, V"]
[Black "Macicek, Jan1"]
[Result "1-0"]
[WhiteElo "2252"]
[BlackElo "2155"]

1. e4 c5 2. Nf3 e6 3. d4 cxd4 4. Nxd4 Bc5 5. Nb3 Bb6 6. Nc3 Ne7 7. Bf4 d5
8. exd5 exd5 9. Be2 Nbc6 10. O-O O-O 11. Bf3 d4 12. Na4 Bf5 13. Nxb6 axb6
14. Re1 Qd7 15. Be5 Rfd8 16. Bxd4 Nb4 17. Bxb6 Bxc2 18. Qxd7 Rxd7 19. Nc5
Nd3 1-0

[Event "16th Heart of Finland Open, Jyvaskyla F"]
[Site "?"]
[Date "2006.??.??"]
[Round "5"]
[White "Novik, Maxim"]
[Black "Kosmo, Santul"]
[Result "1/2-1/2"]
[WhiteElo "2490"]
[BlackElo "2275"]

1. d4 e6 2. Nf3 c5 3. e4 cxd4 4. Nxd4 Bc5 5. Nb3 Bb6 6. Be2 Ne7 7. Nc3 Nbc6
8. O-O O-O 9. Bg5 d5 10. exd5 exd5 11. Bf3 f6 12. Bf4 Be6 13. Na4 Ng6 14.
Nxb6 axb6 15. Be3 Nge5 16. Be2 Nc4 17. Bd4 Qd7 18. Bc3 Nd6 19. a3 Rfd8 20.
Re1 Rac8 21. Bd4 Nc4 22. Bc3 d4 23. Bxc4 Bxc4 24. Nxd4 Qf7 25. Qd2 Qg6 26.
Nxc6 bxc6 27. Qe3 b5 28. Qg3 Bf7 29. Qxg6 Bxg6 30. Rac1 c5 31. f3 b4 32.
axb4 cxb4 33. Bxb4 Rxc2 34. Bc3 Rxc1 35. Rxc1 Re8 36. b4 Rc8 37. Kf2 Bd3
38. Ke3 Bb5 39. Kd4 Kf7 40. Kd5 Rc7 41. g4 g5 42. h3 Be2 43. Kd4 Bxf3 44.
b5 Kg6 45. b6 Rf7 46. Ke3 1/2-1/2

[Event "VIII Open"]
[Site "Salou ESP"]
[Date "2006.??.??"]
[Round "9"]
[White "Miceli, G"]
[Black "Asis Gargatagli, H"]
[Result "0-1"]
[WhiteElo "2047"]
[BlackElo "2361"]

1. e4 c5 2. Nf3 e6 3. d4 cxd4 4. Nxd4 Bc5 5. Nb3 Bb6 6. c4 Ne7 7. Nc3 O-O
8. Bd3 Nbc6 9. O-O f5 10. c5 Bc7 11. f4 b6 12. Be3 bxc5 13. e5 d6 14. exd6
Bxd6 15. Nb5 Nd5 16. Bxc5 Bxc5+ 17. Nxc5 Qb6 18. Rc1 a6 19. Nd6 Ncb4 0-1

[Event "22nd ECU Club Cup"]
[Site "?"]
[Date "2006.??.??"]
[Round "4"]
[White "Makoli, P"]
[Black "Welling, Gerard"]
[Result "0-1"]
[WhiteElo "2245"]
[BlackElo "2370"]

1. e4 c5 2. Nf3 e6 3. d4 cxd4 4. Nxd4 Bc5 5. Nb3 Bb6 6. Bd3 Ne7 7. Qe2 Nbc6
8. Nc3 O-O 9. Bg5 f6 10. Be3 Bxe3 11. Qxe3 f5 12. O-O-O fxe4 13. Qxe4 Nf5
14. f4 d5 15. Qe2 Qf6 16. g3 a5 17. a4 Bd7 18. Bxf5 Qxf5 19. Nc5 Bc8 20.
Nb5 b6 21. Nb3 Ba6 22. Qe3 Bxb5 23. axb5 a4 24. Na1 Na5 25. Rhe1 Rfe8 26.
Qxb6 Nc4 27. Qc5 Rab8 28. Re2 Rec8 29. Qb4 a3 30. bxa3 Qf6 31. Re5 Nxe5 32.
fxe5 Qxe5 33. Nb3 Rc4 34. Qe7 Qc3 0-1

[Event "81st ch-ARG, San Luis ARG"]
[Site "?"]
[Date "2006.??.??"]
[Round "7"]
[White "Mahia, Gustavo"]
[Black "Valerga, Diego"]
[Result "0-1"]
[WhiteElo "2425"]
[BlackElo "2470"]

1. e4 c5 2. Nf3 e6 3. d4 cxd4 4. Nxd4 Bc5 5. Nb3 Bb6 6. Nc3 Ne7 7. g3 O-O
8. Bg2 Nbc6 9. Qe2 f5 10. O-O fxe4 11. Nxe4 Nf5 12. Bg5 Qe8 13. c4 a5 14.
c5 Bc7 15. g4 h6 16. Be3 Nxe3 17. fxe3 Rxf1+ 18. Rxf1 b6 19. Qc2 Ba6 20.
Rd1 Qe7 21. cxb6 Bxb6 22. Nbc5 Nb4 23. Qb3 d5 24. Nxa6 Rxa6 25. a3 a4 26.
Qc3 Nc6 27. Bf1 Ba5 28. Qc5 Rb6 29. Qxe7 Nxe7 30. Nc5 Rxb2 31. Nxa4 Ra2 32.
Rd3 Ng6 33. Rb3 Ne5 34. Nb2 Nxg4 35. Bd3 Ra1+ 36. Kg2 Nxe3+ 37. Kf3 Nf5 38.
Bxf5 Rf1+ 39. Ke3 Rxf5 40. Nd3 Bc7 41. Rb2 e5 42. a4 e4 43. Nc5 Rh5 44. h4
d4+ 0-1

[Event "11th ECU Club Cup w"]
[Site "Feugen AUT"]
[Date "2006.??.??"]
[Round "1"]
[White "Korbut, E"]
[Black "Miloradovic, Jelena"]
[Result "1-0"]
[WhiteElo "2435"]
[BlackElo "2105"]

1. e4 c5 2. Nf3 e6 3. d4 cxd4 4. Nxd4 Bc5 5. Nb3 Bb6 6. Nc3 Ne7 7. Bf4 d5
8. exd5 exd5 9. Bd3 Nbc6 10. Qh5 Nb4 11. O-O-O Nxd3+ 12. Rxd3 Be6 13. Bg5
O-O 14. Re1 d4 15. Bxe7 Qxe7 16. Nd5 Qd6 17. Nf6+ gxf6 18. Rg3+ Qxg3 19.
hxg3 Rfd8 20. Rh1 d3 21. Qxh7+ Kf8 22. Rh6 Ke7 23. Qg7 f5 24. Qf6+ Kd7 25.
cxd3 Bxf2 26. Kd2 Rac8 27. Nd4 Bxd4 28. Qxd4+ Kc7 29. Qe5+ Kb6 30. Rh4 Rc5
31. Qe3 Kc6 32. b4 Rb5 33. Qxa7 Rb6 34. Qa5 Kc7 35. Rh1 Rd6 36. Rc1+ Kb8
37. Qe5 Ka7 38. a4 Rd5 39. Qe3 Ka6 40. b5+ Ka5 41. Rc4 Rdd6 42. Rh4 Rd5 43.
Qf4 1-0

[Event "7th Veselin Boskovic Mem Op"]
[Site "Beograd SRB"]
[Date "2006.??.??"]
[Round "6"]
[White "Kerecki, L"]
[Black "Nestorovic, Dejan"]
[Result "0-1"]
[WhiteElo "2126"]
[BlackElo "2401"]

1. e4 c5 2. Nf3 e6 3. d4 cxd4 4. Nxd4 Bc5 5. Nb3 Bb6 6. Nc3 Ne7 7. g3 d5 8.
exd5 exd5 9. Bg2 d4 10. Ne2 Nbc6 11. Bf4 Bf5 12. Qd2 Qd7 13. O-O-O Rc8 14.
c3 Nb4 0-1

[Event "IM It, Eupen BEL"]
[Site "?"]
[Date "2006.??.??"]
[Round "8"]
[White "Kaufeld, Juergen"]
[Black "Ahn, Martin"]
[Result "0-1"]
[WhiteElo "2305"]
[BlackElo "2310"]

1. e4 c5 2. Nf3 e6 3. d4 cxd4 4. Nxd4 Bc5 5. Be3 Qb6 6. c3 Nc6 7. Nd2 Nxd4
8. Nc4 Qc6 9. Bxd4 Qxe4+ 10. Be2 Be7 11. O-O Nf6 12. Bf3 Qf4 13. Qa4 O-O
14. Be5 Qg5 15. Bd6 Bxd6 16. Nxd6 Qc5 17. Rfd1 a5 18. Rd3 Ra6 19. Rad1 b5
20. Qxb5 Qxb5 21. Nxb5 d5 22. Be2 Rb6 23. a4 Bb7 24. Ra1 Ra8 25. Rdd1 Bc6
26. c4 Rab8 27. Rac1 dxc4 28. Bxc4 Bd5 29. f3 Kf8 30. Rd2 Ke7 31. Rdc2 Rc8
32. Bxd5 Rxc2 33. Rxc2 Nxd5 34. Rc8 Nb4 35. Ra8 Nd3 36. b3 Nc5 37. Rxa5
Nxb3 38. Ra7+ Kf6 39. Nc3 Rc6 40. Ne4+ Kg6 41. h3 f5 42. Nf2 Rc3 43. Kh2
Nc5 44. Nd1 Ra3 45. Nb2 Ra2 46. Ra5 Nb3 47. Rb5 Rxb2 48. a5 f4 49. a6 Ra2
50. Rxb3 Rxa6 51. Rb7 Kf6 52. Rc7 h6 53. Rc2 Ra3 54. Rc8 e5 55. Rf8+ Ke7
56. Rg8 Kf7 57. Rh8 Ra2 58. Kg1 Ra7 59. Kf2 Ke6 60. Re8+ Kd6 61. Rd8+ Rd7
62. Ra8 Ke6 63. Ra6+ Rd6 64. Ra7 Rd7 65. Ra6+ Rd6 66. Ra7 Rd2+ 67. Kf1 Rd7
68. Ra6+ Rd6 69. Ra7 g6 70. Ra8 Rc6 71. Rd8 Rd6 72. Ra8 Rc6 73. Rd8 h5 74.
Rf8 Kd5 75. Rd8+ Rd6 76. Ra8 Rc6 77. Rd8+ Kc5 78. Rd1 Rd6 79. Rc1+ Kd5 80.
Rd1+ Ke6 81. Ra1 Kf5 82. Ra5 g5 83. Ra8 g4 84. Rf8+ Ke6 85. Re8+ Kd5 86.
Rh8 Kd4 87. Ke2 g3 88. Ra8 Rc6 89. Ra4+ Rc4 90. Ra1 Rc2+ 91. Kf1 Rf2+ 92.
Kg1 Kd3 93. Ra3+ Kc4 94. Ra4+ Kd5 95. Ra5+ Kc4 96. Ra4+ Kc3 97. Ra1 Rc2 0-1

[Event "8th Dubai Open, Dubai UAE"]
[Site "?"]
[Date "2006.??.??"]
[Round "6"]
[White "Himdan, Maher"]
[Black "Sale, Srdjan"]
[Result "1-0"]
[WhiteElo "2295"]
[BlackElo "2450"]

1. e4 c5 2. Nf3 e6 3. d4 cxd4 4. Nxd4 Bc5 5. Nb3 Bb6 6. Nc3 Ne7 7. Bf4 d5
8. exd5 Nxd5 9. Nxd5 exd5 10. Bd3 Qf6 11. Qe2+ Be6 12. Be5 Qh6 13. Bd6 Nc6
14. Bb5 O-O-O 15. Bg3 Rhe8 16. O-O Bf5 17. Qd1 Qg6 18. Qd2 h5 19. a4 Be4
20. Bxc6 h4 21. Bxe8 hxg3 22. Qc3+ Kb8 23. Qxg3+ Qxg3 24. hxg3 Rxe8 25. a5
Bc7 26. c3 a6 27. Rfe1 Rc8 28. Nc5 Bh7 29. Re7 Bd6 30. Nd7+ Ka7 31. Nb6 1-0

[Event "Open A, Graz AUT"]
[Site "?"]
[Date "2006.??.??"]
[Round "6"]
[White "Diermair, Andreas"]
[Black "Wanderer, Thomas"]
[Result "1-0"]
[WhiteElo "2355"]
[BlackElo "2205"]

1. e4 c5 2. Nf3 e6 3. d4 cxd4 4. Nxd4 Bc5 5. Nb3 Bb6 6. Nc3 Ne7 7. Bf4 d5
8. exd5 exd5 9. Bd3 Be6 10. Qh5 Qd7 11. O-O Ng6 12. Bxb8 Bg4 13. Qg5 h6 14.
Qd2 O-O 15. Bg3 f5 16. Kh1 d4 17. f3 Bh5 18. Ne2 Rac8 19. c3 Ne7 20. Nbxd4
g5 21. Rad1 1-0

[Event "19th Belgrade Trophy"]
[Site "Belgrade SRB"]
[Date "2006.??.??"]
[Round "3"]
[White "Bozic, Mi"]
[Black "Nikolic, Ma"]
[Result "1-0"]
[WhiteElo "2401"]
[BlackElo "2035"]

1. e4 c5 2. Nf3 e6 3. d4 cxd4 4. Nxd4 Bc5 5. Nb3 Bb6 6. Nc3 Ne7 7. Bg5 Nbc6
8. Qg4 f6 9. Bf4 O-O 10. Bd6 Ne5 11. Qg3 Bc7 12. Nb5 Bxd6 13. Nxd6 Qb6 14.
O-O-O a5 15. a4 N7c6 16. Bb5 Rd8 17. Rd2 Na7 18. Be2 Qc7 19. Rhd1 b6 20.
Bh5 b5 21. axb5 a4 22. Na1 Nc4 23. Qc3 Qc5 24. Be2 a3 25. Bxc4 axb2+ 26.
Kxb2 Kf8 27. Nb3 Qc7 28. e5 f5 29. g4 fxg4 30. Qd4 Kg8 31. b6 1-0

[Event "FICGS_WCH_STAGE_1_GROUP_20_000"]
[Site "FICGS"]
[Date "2006.08.04"]
[Round "1"]
[White "Marton-Bardocz, Sandor"]
[Black "Lacrosse, Marc"]
[Result "1/2-1/2"]
[WhiteElo "2300"]
[BlackElo "2233"]

1. e4 c5 2. Nf3 e6 3. d4 cxd4 4. Nxd4 Bc5 5. Be3 Qb6 6. Na3 d5 7. exd5 exd5
8. Bb5+ Bd7 9. O-O Ne7 10. Re1 O-O 11. Bd3 Nbc6 12. Nxc6 bxc6 13. Bxc5 Qxc5
14. Qd2 Rfe8 15. b4 Qb6 16. c3 a5 17. Nc2 c5 18. a3 Qc7 19. Be2 Rab8 20.
Bf3 Be6 21. bxc5 Qxc5 22. Nd4 Ng6 23. g3 Re7 24. Rab1 Rxb1 25. Rxb1 Qxa3
26. Rb8+ Nf8 27. Nxe6 fxe6 28. Rxf8+ Kxf8 29. Qf4+ Ke8 30. Qb8+ Kf7 31.
Qf4+ Ke8 1/2-1/2

[Event "TCh-BEL 2006-7"]
[Site "Belgium BEL"]
[Date "2007.??.??"]
[Round "10"]
[White "Van den Brande, W"]
[Black "Ahn, Martin"]
[Result "1-0"]
[WhiteElo "2230"]
[BlackElo "2302"]

1. e4 c5 2. Nf3 e6 3. d4 cxd4 4. Nxd4 Bc5 5. Nc3 Qb6 6. Na4 Qa5+ 7. c3 Bxd4
8. Qxd4 Nf6 9. Nc5 Nc6 10. Qd6 b6 11. Nb3 Nxe4 12. Qxc6 dxc6 13. Nxa5 bxa5
14. Be3 e5 15. O-O-O Be6 16. Ba6 Rb8 17. Bd3 Nf6 18. Bxa7 Rb7 19. Bc5 Nd7
20. Be3 O-O 21. Ba6 Rc7 22. Kb1 Ra8 23. Be2 Kf8 24. h4 a4 25. h5 h6 26. Rh4
c5 27. Bf3 Ra6 28. Rd2 f5 29. Be2 Ra5 30. f3 f4 31. Bf2 c4 32. a3 Bf5+ 33.
Kc1 Ke7 34. Rh1 Nf6 35. g3 fxg3 36. Bxg3 Be6 37. f4 Ne4 38. Bh4+ Kf7 39.
Rd8 exf4 40. Rf1 Rf5 41. Bg4 Re5 42. Rxf4+ Nf6 43. Bxf6 gxf6 44. Bxe6+ Kxe6
45. Re8+ Kd5 46. Rd4+ Kc5 47. Ra8 Re1+ 48. Kc2 Rg7 49. Ra5+ Kb6 50. Rxa4
Rg2+ 51. Rd2 Ree2 52. Rxe2 Rxe2+ 53. Kc1 Kb5 54. Rb4+ Kc5 55. a4 f5 56.
Rb5+ Kd6 57. Rxf5 Re1+ 58. Kc2 Ra1 59. a5 Ke6 60. Rb5 Kf6 61. Kd2 1-0